000 00603nam a2200241 a 4500
001 0001-1198
003 ELIB.Books
008 150514 2010 eng
020 _aKBTS
035 _a(ELIB.Books)0001-1353
092 _a241
_bThi
100 _aThieme, R. B.
245 _aThe Biblical View of Sex, Love and Marriage
260 _aHouston
_bBerachah Church
_c1964
300 _a74
_c19 Cm
500 _aLibrary
650 _aChristian Ethics
856 _nKBTS: Library
_uKBTS: Elib
942 _2ddc
_cBK
990 _a1
998 _cbat
_e2015-05-14
999 _c11198
_d11198